01039cam a22002531 4500001001300000003000400013005001700017008004100034010001700075035001900092040004700111042001200158050001700170100004600187245014400233260002500377300006700402490007100469500011900540500002900659650004200688650003800730999001700768gs 25000122 DLC20260227111329.0790607s1925 iluabf 000 0 eng c ags 25000122  a(OCoLC)5045057 aU.S. Geol. Survey. Libr.cTxCMdOCoLCdDLC apremarc00aTN805.I3bC21 aCady, Gilbert H.q(Gilbert Haven),d1882-10aStructure of parts of Northeastern Williamson and Western Saline Counties,cby Gilbert H. Cady. In cooperation with U.S. Geological Survey. aUrbana, Ill.,c1925. a20 p.billus., III fold. pl. (incl. fold. map) tables.c26 cm.0 aIllinois. State Geological Survey. Report of investigationsvno. 2 aAt head of title: State of Illinois. Dept. of Registration and Education. Division of the State Geological Survey. aPlates folded in pocket. 0aGeologyzIllinoiszWilliamson County. 0aGeologyzIllinoiszSaline County. c26377d26377